[Event "Jakarta Japfa Cup"]
[Site "Jakarta"]
[Date "2022.05.09"]
[Round "10"]
[White "Situru, Muhammad Ivan"]
[Black "Purnama, Tirta Chandra"]
[Result "1/2-1/2"]
[WhiteElo "2276"]
[BlackElo "2267"]
[PlyCount "74"]
[EventDate "2022.05.05"]
[EventType "tourn"]
[EventRounds "10"]
[EventCountry "INA"]
[SourceTitle "CBM 208 Extra"]
[Source "ChessBase"]
[SourceDate "2022.07.31"]
[SourceVersion "1"]
[SourceVersionDate "2022.07.31"]
[SourceQuality "1"]

1. e4 e5 2. Nf3 Nc6 3. Bc4 Bc5 4. b4 Bxb4 5. c3 Be7 6. d4 d6 7. Qb3 Na5 8. Bxf7+ Kf8 9. Qa4 Kxf7 10. Qxa5 Bf6 11. dxe5 dxe5 12. Nxe5+ Bxe5 13. Qxe5 Nf6 14. f3 Re8 15. Qd4 Be6 16. Bg5 h6 17. Bxf6 Qxf6 18. Qxf6+ Kxf6 19. Nd2 g5 20. Ke2 Rad8 21. h4 g4 22. Rhd1 gxf3+ 23. gxf3 b6 24. Ke3 Rg8 25. Nb3 Rxd1 26. Rxd1 Rg2 27. Rd2 Rxd2 28. Nxd2 Bxa2 29. c4 c6 30. Kd4 a5 31. f4 a4 32. Kc3 b5 33. Kb4 bxc4 34. Nxc4 Bxc4 35. Kxc4 c5 36. f5 Ke5 37. Kc3 h5 1/2-1/2

[Event "Barcelona City op 24th"]
[Site "Barcelona"]
[Date "2019.10.05"]
[Round "9"]
[White "Purnama, Tirta Chandra"]
[Black "Alshameary Puente, Ismael"]
[Result "0-1"]
[WhiteElo "2300"]
[BlackElo "2444"]
[PlyCount "114"]
[EventDate "2019.09.27"]
[EventType "swiss"]
[EventRounds "9"]
[EventCountry "ESP"]
[SourceTitle "EXT 2020"]
[Source "ChessBase"]
[SourceDate "2019.10.17"]
[SourceVersion "1"]
[SourceVersionDate "2019.10.17"]
[SourceQuality "1"]

1. d4 Nf6 2. c4 b6 3. Nc3 Bb7 4. f3 d5 5. cxd5 Nxd5 6. e4 Nxc3 7. bxc3 e5 8. Bb5+ c6 9. Bc4 b5 10. Bb3 exd4 11. cxd4 Bb4+ 12. Kf1 0-0 13. Be3 Nd7 14. Ne2 Rc8 15. Ng3 c5 16. Nf5 Nb6 17. Kf2 Qf6 18. h4 h6 19. Rh3 cxd4 20. Qxd4 Bc3 21. Qxf6 Bxf6 22. Rd1 Rcd8 23. Rd6 Nc4 24. Nxh6+ Kh7 25. Rxd8 Bxd8 26. Nf5 Nxe3 27. Kxe3 Bb6+ 28. Ke2 Bc8 29. h5 a5 30. g4 a4 31. Bd5 b4 32. f4 Ba6+ 33. Kd1 Rd8 34. Kc2 Bc7 35. Rf3 Be2 36. Rf2 Bxg4 37. Bxf7 Bd1+ 38. Kb1 b3 39. axb3 axb3 40. Kb2 Ra8 41. Bxb3 Rb8 42. Nd4 Bb6 43. Nc6 Rb7 44. Rg2 Bf3 45. Rg5 Bxe4 46. Nb4 Bd8 47. Kc3 Bxg5 48. fxg5 Rb5 49. Bf7 Rxg5 50. Kd4 Bf3 51. Nd3 Bxh5 52. Bd5 Rg1 53. Nf4 Kh6 54. Ke5 g5 55. Nd3 Bg6 56. Nf2 Re1+ 57. Kf6 Rf1 0-1

[Event "Barcelona City op 24th"]
[Site "Barcelona"]
[Date "2019.09.30"]
[Round "4"]
[White "Purnama, Tirta Chandra"]
[Black "Song, Raymond"]
[Result "0-1"]
[WhiteElo "2300"]
[BlackElo "2456"]
[PlyCount "64"]
[EventDate "2019.09.27"]
[EventType "swiss"]
[EventRounds "9"]
[EventCountry "ESP"]
[SourceTitle "EXT 2020"]
[Source "ChessBase"]
[SourceDate "2019.10.17"]
[SourceVersion "1"]
[SourceVersionDate "2019.10.17"]
[SourceQuality "1"]

1. Nf3 d5 2. d4 Nf6 3. c4 e6 4. Qc2 dxc4 5. Qxc4 b6 6. Bg5 Be7 7. Nbd2 0-0 8. Qc2 Ba6 9. e3 Bxf1 10. Kxf1 c5 11. dxc5 Na6 12. c6 Rc8 13. Nd4 Nb4 14. Qc4 e5 15. Bxf6 Bxf6 16. N4f3 Nxc6 17. Qe4 Be7 18. g4 g6 19. Rg1 Qd7 20. Rc1 Qe6 21. a3 Rfd8 22. Ke2 f6 23. Rc2 Kh8 24. Rgc1 Rd5 25. b4 f5 26. gxf5 gxf5 27. Qc4 b5 28. Qb3 e4 29. Qb2+ Bf6 30. Ng5 Bxb2 31. Nxe6 Bxc1 32. Rxc1 Nd4+ 0-1

[Event "Mare di Fano op 5th"]
[Site "Fano"]
[Date "2016.08.04"]
[Round "7"]
[White "Wieczorek, Oskar"]
[Black "Purnama, Tirta Chandra"]
[Result "1-0"]
[WhiteElo "2458"]
[BlackElo "2337"]
[PlyCount "57"]
[EventDate "2016.07.30"]
[EventType "swiss"]
[EventRounds "9"]
[EventCountry "ITA"]
[SourceTitle "CBM 173 Extra"]
[Source "ChessBase"]
[SourceDate "2016.08.29"]
[SourceVersion "1"]
[SourceVersionDate "2016.08.29"]
[SourceQuality "1"]

1. e4 c5 2. Nf3 e6 3. d4 cxd4 4. Nxd4 a6 5. c4 Nf6 6. Nc3 Bb4 7. Qd3 Qc7 8. Be2 b6 9. Nc2 Bd6 10. Be3 Bb7 11. Nd4 Be5 12. Nf3 Nc6 13. Nxe5 Nxe5 14. Qd4 Rc8 15. b3 b5 16. cxb5 Qxc3+ 17. Qxc3 Rxc3 18. bxa6 Ba8 19. Bd4 Nd3+ 20. Kd2 Nxe4+ 21. Ke3 Ndxf2+ 22. Bxc3 Nxh1 23. Bf3 Nhf2 24. Be1 Ke7 25. Bxf2 Nxf2 26. b4 Bxf3 27. gxf3 Nh3 28. b5 Kd6 29. b6 1-0

[Event "Penang op 7th"]
[Site "Penang"]
[Date "2015.12.08"]
[Round "3"]
[White "Kurniawan, Muhamad Agus"]
[Black "Purnama, Tirta Chandra"]
[Result "0-1"]
[WhiteElo "2062"]
[BlackElo "2356"]
[PlyCount "101"]
[EventDate "2015.12.07"]
[EventType "swiss"]
[EventRounds "9"]
[EventCountry "MAS"]
[SourceTitle "CBM 169 Extra"]
[Source "ChessBase"]
[SourceDate "2015.12.18"]
[SourceVersion "1"]
[SourceVersionDate "2015.12.18"]
[SourceQuality "1"]

1. e4 c5 2. Nf3 e6 3. d4 cxd4 4. Nxd4 a6 5. Bd3 Qc7 6. 0-0 Nf6 7. Qe2 d6 8. c4 g6 9. Nc3 Bg7 10. h3 0-0 11. Be3 Nbd7 12. Rac1 b6 13. f4 Bb7 14. b4 Rac8 15. Nf3 Qb8 16. Bd4 Bh6 17. Nh2 Rfe8 18. Ng4 Nxg4 19. Qxg4 e5 20. Be3 exf4 21. Bxf4 Bxf4 22. Qxf4 Ne5 23. Be2 Re7 24. Nd5 Bxd5 25. cxd5 b5 26. Rxc8+ Qxc8 27. Qf6 Qc7 28. h4 h5 29. Qg5 Kf8 30. Qh6+ Kg8 31. Qg5 Kf8 32. Qh6+ Ke8 33. Qe3 Qa7 34. Qxa7 Rxa7 35. Re1 Ke7 36. Kf2 a5 37. a3 axb4 38. axb4 Ra2 39. Ke3 Rb2 40. Bxb5 Ng4+ 41. Kf3 Rxb4 42. Be2 Rb2 43. Ba6 Kf6 44. Bc8 Ne5+ 45. Kg3 Rb3+ 46. Kh2 Re3 47. Rf1+ Ke7 48. Rh1 Kd8 49. Bh3 Kc7 50. Kg1 Kb6 51. Kf2 0-1

[Event "Jakarta Japfa"]
[Site "Jakarta"]
[Date "2015.04.20"]
[Round "8"]
[White "Purnama, Tirta Chandra"]
[Black "L'Ami, Alina"]
[Result "1-0"]
[WhiteElo "2393"]
[BlackElo "2393"]
[PlyCount "59"]
[EventDate "2015.04.15"]
[EventType "tourn"]
[EventRounds "11"]
[EventCountry "INA"]
[EventCategory "9"]
[SourceTitle "CBM 166 Extra"]
[Source "ChessBase"]
[SourceDate "2015.06.18"]
[SourceVersion "1"]
[SourceVersionDate "2015.06.18"]
[SourceQuality "1"]

1. Nf3 Nf6 2. d4 g6 3. c4 Bg7 4. Nc3 d6 5. Bf4 0-0 6. h3 c5 7. d5 b5 8. cxb5 a6 9. bxa6 Bxa6 10. g3 Nbd7 11. Bg2 Nb6 12. 0-0 Ne8 13. Re1 Nc4 14. Qc1 Rb8 15. Rb1 Qa5 16. Bh6 Nc7 17. Bxg7 Kxg7 18. Nd2 Ne5 19. Qc2 Rb4 20. Rec1 e6 21. a3 Rbb8 22. b4 cxb4 23. axb4 Rxb4 24. Ra1 Qc5 25. dxe6 fxe6 26. Nce4 Qxc2 27. Rxc2 Nc4 28. Nxc4 Rxc4 29. Rxc4 Bxc4 30. Ra7 1-0

[Event "Jakarta Japfa"]
[Site "Jakarta"]
[Date "2015.04.19"]
[Round "6"]
[White "Purnama, Tirta Chandra"]
[Black "Cuhendi, Sean Winshand"]
[Result "0-1"]
[WhiteElo "2393"]
[BlackElo "2428"]
[PlyCount "106"]
[EventDate "2015.04.15"]
[EventType "tourn"]
[EventRounds "11"]
[EventCountry "INA"]
[EventCategory "9"]
[SourceTitle "CBM 166 Extra"]
[Source "ChessBase"]
[SourceDate "2015.06.18"]
[SourceVersion "1"]
[SourceVersionDate "2015.06.18"]
[SourceQuality "1"]

1. Nf3 Nf6 2. d4 g6 3. c4 Bg7 4. g3 0-0 5. Bg2 d6 6. Nc3 Nc6 7. 0-0 a6 8. h3 Bf5 9. Re1 Ne4 10. Nd5 Bd7 11. Be3 e6 12. Nf4 f5 13. d5 e5 14. Nd3 Ne7 15. Qc1 b5 16. b3 c5 17. dxc6 Bxc6 18. Rd1 Qb8 19. Nb4 Bb7 20. Ng5 Rc8 21. Nxe4 fxe4 22. Bg5 Nf5 23. Nd5 Nd4 24. Rxd4 exd4 25. Ne7+ Kh8 26. Nxc8 Qxc8 27. cxb5 axb5 28. Qf4 Qe6 29. Rc1 Rf8 30. Qh4 Qf7 31. g4 d3 32. exd3 exd3 33. Bxb7 Qxb7 34. Qg3 Qd5 35. Be3 d2 36. Rd1 Bc3 37. Qg2 Qd3 38. Qf1 Qd5 39. Qe2 Qe4 40. Qxb5 Qf3 41. Qf1 h5 42. g5 Rf5 43. a3 d5 44. Rxd2 Bxd2 45. Bxd2 Qxb3 46. Qa1+ Kh7 47. Be3 Rf7 48. Qe5 Qb1+ 49. Kh2 Qe4 50. Qd6 Qf5 51. a4 Rd7 52. Qg3 d4 53. Bf4 Rf7 0-1

[Event "Jakarta Japfa"]
[Site "Jakarta"]
[Date "2015.04.18"]
[Round "5"]
[White "Tiviakov, Sergei"]
[Black "Purnama, Tirta Chandra"]
[Result "1-0"]
[WhiteElo "2662"]
[BlackElo "2393"]
[PlyCount "53"]
[EventDate "2015.04.15"]
[EventType "tourn"]
[EventRounds "11"]
[EventCountry "INA"]
[EventCategory "9"]
[SourceTitle "CBM 166 Extra"]
[Source "ChessBase"]
[SourceDate "2015.06.18"]
[SourceVersion "1"]
[SourceVersionDate "2015.06.18"]
[SourceQuality "1"]

1. e4 e5 2. Nf3 Nc6 3. Bc4 Bc5 4. c3 Nf6 5. d3 0-0 6. Bb3 d5 7. Qe2 h6 8. 0-0 Re8 9. exd5 Nxd5 10. d4 Bb6 11. Nxe5 Nxe5 12. dxe5 c6 13. Na3 Qh4 14. Nc4 Bc5 15. Kh1 Bg4 16. f3 Bf5 17. f4 Rad8 18. Bd2 Rd7 19. Be1 Qd8 20. Bf2 Bf8 21. Qf3 Nb6 22. Ne3 Bd3 23. Rfe1 Kh8 24. Rad1 a5 25. Ng4 Bg6 26. e6 fxe6 27. Ne5 1-0

[Event "Jakarta Japfa"]
[Site "Jakarta"]
[Date "2015.04.16"]
[Round "3"]
[White "Milliet, Sophie"]
[Black "Purnama, Tirta Chandra"]
[Result "1/2-1/2"]
[WhiteElo "2377"]
[BlackElo "2393"]
[PlyCount "78"]
[EventDate "2015.04.15"]
[EventType "tourn"]
[EventRounds "11"]
[EventCountry "INA"]
[EventCategory "9"]
[SourceTitle "CBM 166 Extra"]
[Source "ChessBase"]
[SourceDate "2015.06.18"]
[SourceVersion "1"]
[SourceVersionDate "2015.06.18"]
[SourceQuality "1"]

1. e4 c5 2. Nf3 e6 3. d4 cxd4 4. Nxd4 a6 5. c4 Nf6 6. Nc3 Bb4 7. Qd3 d5 8. exd5 exd5 9. Be2 0-0 10. 0-0 Bxc3 11. bxc3 Nbd7 12. Bf4 Re8 13. Rfd1 Nc5 14. Qc2 Bd7 15. Nb3 Qc8 16. Nxc5 Qxc5 17. Rd4 Ba4 18. Qd3 dxc4 19. Qxc4 Qe7 20. Qxa4 Qxe2 21. Qd1 Qxd1+ 22. Raxd1 Rac8 23. c4 h6 24. f3 Rc6 25. Kf2 Kh7 26. Bd6 Rec8 27. Rb1 Rxc4 28. Rxc4 Rxc4 29. Rxb7 Rc2+ 30. Kg3 Kg6 31. a3 Nd5 32. Kh3 Rc6 33. Bb8 Rc3 34. Bd6 Rc6 35. Be5 Re6 36. Bb8 Re3 37. Bd6 Re6 38. Bb8 Re3 39. Bd6 Re6 1/2-1/2

[Event "Jakarta Japfa"]
[Site "Jakarta"]
[Date "2014.04.24"]
[Round "7"]
[White "Farid, Firman Syah"]
[Black "Purnama, Tirta Chandra"]
[Result "1/2-1/2"]
[WhiteElo "2392"]
[BlackElo "2380"]
[PlyCount "82"]
[EventDate "2014.04.20"]
[EventType "tourn"]
[EventRounds "9"]
[EventCountry "INA"]
[EventCategory "8"]
[SourceTitle "EXT 2015"]
[Source "ChessBase"]
[SourceDate "2014.11.20"]
[SourceVersion "1"]
[SourceVersionDate "2014.11.20"]
[SourceQuality "1"]

1. e4 c5 2. Nf3 e6 3. g3 Nc6 4. Bg2 d5 5. exd5 exd5 6. d4 Nf6 7. 0-0 Be7 8. Nc3 0-0 9. dxc5 Bxc5 10. Na4 Be7 11. Nd4 Bg4 12. Qd3 Bh5 13. Be3 Bg6 14. Qd1 Ne4 15. Nxc6 bxc6 16. c4 Qa5 17. cxd5 Rfd8 18. b3 cxd5 19. Bd4 Rac8 20. Rc1 Ba3 21. Rxc8 Rxc8 22. Qg4 Rc2 23. Qd7 h6 24. h4 h5 25. Rd1 Rd2 26. Rxd2 Qxd2 27. Qxa7 Qe1+ 28. Kh2 Bd6 29. Qa6 Nxf2 30. Qxd6 Ng4+ 31. Kh3 Bf5 32. Qd8+ Kh7 33. Qg5 Ne3+ 34. g4 hxg4+ 35. Kh2 g3+ 36. Qxg3 Ng4+ 37. Kh3 Ne3+ 38. Kh2 Ng4+ 39. Kh3 Nf2+ 40. Kh2 Ng4+ 41. Kh3 Ne3+ 1/2-1/2

[Event "Jakarta Japfa"]
[Site "Jakarta"]
[Date "2014.04.21"]
[Round "3"]
[White "Kuderinov, Kirill"]
[Black "Purnama, Tirta Chandra"]
[Result "0-1"]
[WhiteElo "2448"]
[BlackElo "2380"]
[PlyCount "98"]
[EventDate "2014.04.20"]
[EventType "tourn"]
[EventRounds "9"]
[EventCountry "INA"]
[EventCategory "8"]
[SourceTitle "EXT 2015"]
[Source "ChessBase"]
[SourceDate "2014.11.20"]
[SourceVersion "1"]
[SourceVersionDate "2014.11.20"]
[SourceQuality "1"]

1. e4 c5 2. Nf3 e6 3. c3 Nf6 4. e5 Nd5 5. Bc4 Nc6 6. 0-0 Nb6 7. Bb3 d5 8. d4 Be7 9. Be3 0-0 10. Nbd2 cxd4 11. cxd4 Bd7 12. Bc2 Nb4 13. Bb1 Bb5 14. Re1 Nd3 15. Bxd3 Bxd3 16. Nb3 Bg6 17. Nc5 Nc4 18. Bc1 b6 19. Nd3 Rc8 20. Nf4 Be4 21. b3 Na3 22. Bxa3 Bxa3 23. Nd3 Rc3 24. Re3 Qe7 25. Nfe1 Rfc8 26. Qe2 a5 27. Rd1 b5 28. Nc5 Rxe3 29. Qxe3 Bg6 30. Ned3 h6 31. h3 Rc7 32. b4 Bxd3 33. Nxd3 Bxb4 34. Rb1 Rc3 35. Qe2 Rc4 36. a3 Bxa3 37. Rxb5 Bb4 38. Rb8+ Kh7 39. Nf4 Rxd4 40. Qc2+ Re4 41. Nh5 Qc5 42. Qd3 Qc3 43. Qxc3 Bxc3 44. f4 a4 45. Kf2 d4 46. Rf8 d3 47. Rxf7 Kg6 48. Rxg7+ Kxh5 49. Kf3 d2 0-1

[Event "Jakarta Japfa"]
[Site "Jakarta"]
[Date "2014.04.20"]
[Round "1"]
[White "Atalik, Suat"]
[Black "Purnama, Tirta Chandra"]
[Result "1-0"]
[WhiteElo "2562"]
[BlackElo "2380"]
[PlyCount "93"]
[EventDate "2014.04.20"]
[EventType "tourn"]
[EventRounds "9"]
[EventCountry "INA"]
[EventCategory "8"]
[SourceTitle "CBM 161"]
[Source "ChessBase"]
[SourceDate "2014.07.16"]
[SourceVersion "1"]
[SourceVersionDate "2014.07.16"]
[SourceQuality "1"]

1. d4 Nf6 2. c4 g6 3. Nc3 Bg7 4. e4 d6 5. Be2 0-0 6. Nf3 Bg4 7. Bg5 Nfd7 8. h3 Bxf3 9. Bxf3 Nb6 10. Qd3 c5 11. dxc5 dxc5 12. Qxd8 Rxd8 13. Bxe7 Rd7 14. Bxc5 Nxc4 15. Nd5 Na6 16. Be7 Re8 17. Nf6+ Bxf6 18. Bxf6 Nc5 19. 0-0 Nxe4 20. Bxe4 Rxe4 21. Rfd1 Rd6 22. Bc3 Ree6 23. Bb4 Rxd1+ 24. Rxd1 Re8 25. Rd7 Nxb2 26. Rxb7 Nd3 27. Bc3 Nc1 28. Ba5 Nxa2 29. Rc7 Re5 30. Rxa7 Rb5 31. Bd2 Nb4 32. Ra8+ Kg7 33. Bc3+ Kh6 34. Rg8 Nd3 35. Bd2+ g5 36. g3 f6 37. Kg2 Rf5 38. Be3 Ne1+ 39. Kf1 Nf3 40. g4 Rd5 41. Bb6 Ne5 42. Bd8 Nd7 43. Kg2 Rd3 44. Be7 Rd5 45. h4 gxh4 46. Kh3 Ne5 47. Bf8# 1-0

[Event "Jakarta Japfa"]
[Site "Jakarta"]
[Date "2014.04.20"]
[Round "2"]
[White "Purnama, Tirta Chandra"]
[Black "Nguyen, Huynh Minh Huy"]
[Result "0-1"]
[WhiteElo "2380"]
[BlackElo "2474"]
[PlyCount "98"]
[EventDate "2014.04.20"]
[EventType "tourn"]
[EventRounds "9"]
[EventCountry "INA"]
[EventCategory "8"]
[SourceTitle "EXT 2015"]
[Source "ChessBase"]
[SourceDate "2014.11.20"]
[SourceVersion "1"]
[SourceVersionDate "2014.11.20"]
[SourceQuality "1"]

1. d4 d5 2. c4 c6 3. Nf3 Nf6 4. Nc3 dxc4 5. a4 Bf5 6. Ne5 Nbd7 7. Nxc4 Nb6 8. Ne5 a5 9. g3 e6 10. Bg2 Bb4 11. 0-0 0-0 12. Re1 Ne4 13. Bxe4 Bxe4 14. e3 Bg6 15. Bd2 Qe7 16. Nxg6 hxg6 17. Ne4 e5 18. Qb3 exd4 19. exd4 Bxd2 20. Nxd2 Qc7 21. Nf3 Rfe8 22. h4 Nd5 23. Kg2 Rad8 24. Ng5 Qd7 25. Rac1 f6 26. Ne4 Qf7 27. Qf3 Nb4 28. Red1 Rd7 29. Rd2 Red8 30. Rcd1 Rd5 31. Nc3 R5d7 32. d5 Nxd5 33. Nxd5 Rxd5 34. Rxd5 Rxd5 35. Rxd5 Qxd5 36. Qxd5+ cxd5 37. Kf3 Kf7 38. Ke3 Ke6 39. Kd4 Kd6 40. g4 g5 41. h5 b6 42. b3 Ke6 43. Kd3 Ke5 44. Ke3 f5 45. gxf5 Kxf5 46. Kd4 Ke6 47. Kd3 Ke5 48. Ke3 d4+ 49. Kd3 g4 0-1

[Event "Jakarta Indonesia op 3rd"]
[Site "Jakarta"]
[Date "2013.10.17"]
[Round "11"]
[White "Smirnov, Anton"]
[Black "Purnama, Tirta Chandra"]
[Result "1-0"]
[WhiteElo "2306"]
[BlackElo "2382"]
[PlyCount "67"]
[EventDate "2013.10.10"]
[EventType "swiss"]
[EventRounds "11"]
[EventCountry "INA"]
[SourceTitle "EXT 2014"]
[Source "ChessBase"]
[SourceDate "2013.11.20"]
[SourceVersion "1"]
[SourceVersionDate "2013.11.20"]
[SourceQuality "1"]

1. e4 c5 2. Nf3 e6 3. d4 cxd4 4. Nxd4 a6 5. Bd3 Qc7 6. 0-0 Nf6 7. Qe2 d6 8. c4 Be7 9. Nc3 0-0 10. Kh1 b6 11. f4 Nbd7 12. Bd2 Rd8 13. Rac1 Bb7 14. Rf3 Bf8 15. Rh3 Rac8 16. Rf1 Re8 17. b3 Qb8 18. Bb1 e5 19. fxe5 Rxe5 20. Bf4 Ree8 21. Bg5 Rc5 22. Bxf6 Nxf6 23. Rg3 Qd8 24. Qf3 Kh8 25. Nd5 b5 26. Rh3 Re5 27. Qd1 Nxe4 28. Bxe4 Rxe4 29. Qd3 Bxd5 30. cxd5 Rh4 31. Rhf3 Rxd5 32. Rxf7 Be7 33. Qf3 Bf6 34. Qxd5 1-0

[Event "Jakarta Indonesia op 3rd"]
[Site "Jakarta"]
[Date "2013.10.14"]
[Round "6"]
[White "Purnama, Tirta Chandra"]
[Black "Megaranto, Susanto"]
[Result "1/2-1/2"]
[WhiteElo "2382"]
[BlackElo "2528"]
[PlyCount "64"]
[EventDate "2013.10.10"]
[EventType "swiss"]
[EventRounds "11"]
[EventCountry "INA"]
[SourceTitle "CBM 156 Extra"]
[Source "ChessBase"]
[SourceDate "2013.10.22"]
[SourceVersion "1"]
[SourceVersionDate "2013.10.22"]
[SourceQuality "1"]

1. d4 d5 2. c4 e6 3. Nc3 Nf6 4. cxd5 exd5 5. Bg5 Be7 6. e3 0-0 7. Bd3 c6 8. Qc2 Nbd7 9. Nge2 Re8 10. 0-0 h6 11. Bh4 Nh5 12. Bxe7 Qxe7 13. Bf5 Nf8 14. Ng3 Nxg3 15. hxg3 Bxf5 16. Qxf5 g6 17. Qc2 Nh7 18. Rfc1 Nf6 19. Rab1 h5 20. b4 a6 21. a4 Ng4 22. Qe2 Kg7 23. Qf3 b5 24. a5 Rad8 25. Ne2 Rd6 26. Nf4 Rf6 27. Rc2 Rd8 28. Rbb2 Rdd6 29. Qe2 Nh6 30. Qd3 Ng4 31. Qe2 Nh6 32. Qd3 Ng4 1/2-1/2

[Event "Jakarta Indonesia op 2nd"]
[Site "Jakarta"]
[Date "2012.10.16"]
[Round "8"]
[White "Purnama, Tirta Chandra"]
[Black "Bocharov, Dmitry"]
[Result "0-1"]
[WhiteElo "2384"]
[BlackElo "2603"]
[PlyCount "86"]
[EventDate "2012.10.11"]
[EventType "swiss"]
[EventRounds "9"]
[EventCountry "INA"]
[SourceTitle "EXT 2013"]
[Source "ChessBase"]
[SourceDate "2012.11.22"]
[SourceVersion "1"]
[SourceVersionDate "2012.11.22"]
[SourceQuality "1"]

1. d4 g6 2. c4 Bg7 3. Nc3 c5 4. d5 d6 5. e4 e6 6. Bd3 Ne7 7. Nge2 0-0 8. 0-0 Nd7 9. f4 exd5 10. exd5 Nf6 11. Ng3 h5 12. f5 h4 13. Nge4 Nxe4 14. Nxe4 Nxf5 15. Bg5 Bd4+ 16. Kh1 f6 17. Bf4 Kg7 18. Qd2 g5 19. Nxg5 fxg5 20. Bxg5 Bf6 21. Rxf5 Bxf5 22. Bh6+ Kh8 23. Bxf5 Bg7 24. Bg5 Qe8 25. Be6 h3 26. Bxh3 Bd4 27. Re1 Qh5 28. Bf4 Rf6 29. Be6 Raf8 30. g3 Be5 31. Bxe5 dxe5 32. Qe3 Rf2 33. Qxe5+ Qxe5 34. Rxe5 Rxb2 35. Kg1 Rff2 36. Rh5+ Kg7 37. h4 Rg2+ 38. Kf1 Rh2 39. Kg1 Rbg2+ 40. Kf1 Rxa2 41. Kg1 Rag2+ 42. Kf1 Rd2 43. Ke1 Rdg2 0-1

[Event "Jakarta Indonesia op 2nd"]
[Site "Jakarta"]
[Date "2012.10.13"]
[Round "4"]
[White "Purnama, Tirta Chandra"]
[Black "Sonjaya, Deni"]
[Result "1-0"]
[WhiteElo "2384"]
[BlackElo "2284"]
[PlyCount "86"]
[EventDate "2012.10.11"]
[EventType "swiss"]
[EventRounds "9"]
[EventCountry "INA"]
[SourceTitle "EXT 2013"]
[Source "ChessBase"]
[SourceDate "2012.11.22"]
[SourceVersion "1"]
[SourceVersionDate "2012.11.22"]
[SourceQuality "1"]

1. d4 f5 2. g3 Nf6 3. Bg2 g6 4. c4 Bg7 5. Nc3 0-0 6. Nh3 d6 7. d5 c6 8. 0-0 e5 9. dxe6 Bxe6 10. Qb3 Qe7 11. Ng5 Bf7 12. Bf4 Rd8 13. Rad1 Ne8 14. e4 Na6 15. Rfe1 Nc5 16. Qc2 fxe4 17. Ncxe4 Nxe4 18. Bxe4 Qf8 19. h4 Nf6 20. Bf3 Rd7 21. Kg2 Rad8 22. Re2 d5 23. c5 d4 24. Bd6 Rxd6 25. cxd6 Qxd6 26. Nxf7 Kxf7 27. Qb3+ Kf8 28. Qxb7 c5 29. Qb5 Nd7 30. Rc2 Bf6 31. b4 cxb4 32. Rc6 Qe7 33. Rc7 Qd6 34. Rc6 Qe7 35. Rc7 Qd6 36. Rxa7 h6 37. Be4 Ne5 38. Rb7 Be7 39. Rb6 Qc7 40. Bxg6 d3 41. Be4 d2 42. Rxh6 Nf7 43. Qf5 Qc5 1-0

[Event "Olympiad-40"]
[Site "Istanbul"]
[Date "2012.09.01"]
[Round "5.1"]
[White "Purnama, Tirta Chandra"]
[Black "Zhigalko, Sergei"]
[Result "0-1"]
[WhiteElo "2384"]
[BlackElo "2667"]
[PlyCount "126"]
[EventDate "2012.08.28"]
[EventType "team-swiss"]
[EventRounds "11"]
[EventCountry "TUR"]
[SourceTitle "CBM 151"]
[Source "ChessBase"]
[SourceDate "2012.11.13"]
[SourceVersion "1"]
[SourceVersionDate "2012.11.13"]
[SourceQuality "1"]
[WhiteTeam "Indonesia"]
[BlackTeam "Belarus"]
[WhiteTeamCountry "INA"]
[BlackTeamCountry "BLR"]

1. d4 Nf6 2. c4 e6 3. Nf3 b6 4. g3 Ba6 5. Qa4 Bb7 6. Bg2 c5 7. dxc5 bxc5 8. 0-0 Be7 9. Nc3 0-0 10. Rd1 Qb6 11. Bf4 Rd8 12. Qb5 d6 13. Qxb6 axb6 14. Nb5 Ne8 15. h4 h6 16. Rd2 Nc6 17. Ne1 g5 18. hxg5 hxg5 19. Be3 Na5 20. Bxb7 Nxb7 21. Nf3 f6 22. b3 d5 23. cxd5 exd5 24. Rdd1 Kf7 25. Kg2 Kg6 26. Rh1 Nbd6 27. Nc3 Nc7 28. Bd2 d4 29. Na4 Nd5 30. Nb2 b5 31. Be1 g4 32. Nh4+ Kf7 33. Nd3 c4 34. bxc4 bxc4 35. Nb4 Nb5 36. Nc6 Rdc8 37. Nxe7 Nxe7 38. Rb1 Rcb8 39. Bb4 Nc6 40. Nf5 c3 41. Bc5 Ke6 42. Ng7+ Kd5 43. Rh5+ Kc4 44. Ne6 c2 45. Rc1 Rxa2 46. Bd6 Rb6 47. Rc5+ Kb3 48. Bf4 Nca7 49. Ng7 Nc3 50. Kf1 Nab5 51. Nf5 Rb2 52. Ke1 Rb1 53. Bd2 Kb2 54. Nxd4 Rxc1+ 55. Bxc1+ Kxc1 56. Nxc2 Kxc2 57. f3 gxf3 58. exf3 Nd4 59. Kf2 Kd3 60. g4 Rb2+ 61. Kg3 Nce2+ 62. Kg2 Ke3 63. g5 Nf4+ 0-1

[Event "Olympiad-40"]
[Site "Istanbul"]
[Date "2012.08.30"]
[Round "3.2"]
[White "Purnama, Tirta Chandra"]
[Black "Guerra Tulcan, Lenin"]
[Result "1-0"]
[WhiteElo "2384"]
[BlackElo "2424"]
[PlyCount "108"]
[EventDate "2012.08.28"]
[EventType "team-swiss"]
[EventRounds "11"]
[EventCountry "TUR"]
[SourceTitle "CBM 151"]
[Source "ChessBase"]
[SourceDate "2012.11.13"]
[SourceVersion "1"]
[SourceVersionDate "2012.11.13"]
[SourceQuality "1"]
[WhiteTeam "Indonesia"]
[BlackTeam "Ecuador"]
[WhiteTeamCountry "INA"]
[BlackTeamCountry "ECU"]

1. d4 Nf6 2. c4 c5 3. d5 b5 4. cxb5 a6 5. e3 axb5 6. Bxb5 Qa5+ 7. Nc3 Bb7 8. Bd2 Qb6 9. Qb3 e6 10. e4 Nxe4 11. Nxe4 Bxd5 12. Qd3 f5 13. Ng3 Bxg2 14. N1e2 Bxh1 15. Nxh1 Be7 16. Bc3 0-0 17. Nf4 Bf6 18. a4 Bxc3+ 19. bxc3 Ra7 20. Qe3 Na6 21. Rd1 d5 22. Kf1 Nc7 23. Bd7 Rf6 24. Qe5 Qb3 25. Re1 Qc4+ 26. Kg1 h6 27. Ng3 d4 28. Nxe6 Qxc3 29. Nxc7 Rxc7 30. Qe8+ Kh7 31. Re7 Rxd7 32. Qxd7 Rg6 33. Qxf5 Qb3 34. Qxc5 d3 35. Qd4 h5 36. Rd7 d2 37. Qxd2 h4 38. Qd3 Qxd3 39. Rxd3 hxg3 40. hxg3 Ra6 41. Ra3 Kg6 42. a5 Kf5 43. Kg2 Ke4 44. Kh3 Kf5 45. Kg2 Ke4 46. Ra4+ Kf5 47. Kf3 Ke5 48. Kg4 Rg6+ 49. Kh5 Ra6 50. Kg5 Kd5 51. g4 Ke5 52. f4+ Kd5 53. f5 Ke5 54. Ra1 Kd5 1-0

[Event "Budapest FS08 GM"]
[Site "Budapest"]
[Date "2012.08.12"]
[Round "8"]
[White "Purnama, Tirta Chandra"]
[Black "Akshayraj, Kore"]
[Result "0-1"]
[WhiteElo "2384"]
[BlackElo "2483"]
[PlyCount "54"]
[EventDate "2012.08.04"]
[EventType "tourn"]
[EventRounds "9"]
[EventCountry "HUN"]
[EventCategory "8"]
[SourceTitle "CBM 149 Extra"]
[Source "ChessBase"]
[SourceDate "2012.08.24"]
[SourceVersion "1"]
[SourceVersionDate "2012.08.24"]
[SourceQuality "1"]

1. d4 Nf6 2. c4 g6 3. Nc3 d5 4. Nf3 Bg7 5. Bf4 0-0 6. e3 c5 7. dxc5 Qa5 8. Rc1 Na6 9. cxd5 Nxc5 10. Bc4 b5 11. Bxb5 Nfe4 12. a4 Bxc3+ 13. bxc3 Nxc3 14. Rxc3 Qxc3+ 15. Qd2 Qa1+ 16. Qd1 Qxd1+ 17. Kxd1 Bb7 18. d6 exd6 19. Ke2 a6 20. Bc4 Nxa4 21. Ra1 Nc3+ 22. Ke1 Rfc8 23. Bd3 Be4 24. Bf1 Nb1 25. Kd1 Rab8 26. Nd4 Rb2 27. f3 Rd2+ 0-1